The Brideshead generation : Evelyn Waugh and his friends

Bibliographic Details
Main Author: Carpenter, Humphrey
Format: Book
Published: Boston : Houghton Mifflin , 1990
Subjects:

MARC

LEADER 00000cam a2200000 7i4500
001 0000001314
002 000001448
005 20161103.0
020 |a 0395441420 
090 0 0 |a 920   |b CAR 
100 0 |a Carpenter, Humphrey 
245 1 4 |a The Brideshead generation :   |b Evelyn Waugh and his friends   |c Humphrey Carpenter 
260 |a Boston :   |b Houghton Mifflin ,   |c 1990 
300 |a 523p ;   |c 24cm. 
600 0 0 |a Waugh, Evelyn ,   |d 1903-1966   |x Friends and associates 
650 0 0 |a Novelists,English   |y 20th Century   |x Biography 
651 0 |a England   |x Social life and customs   |y 20th century 
999 |a 030694   |b BUKU   |c PINJAMAN   |e PERPUSTAKAAN KOMUNITI PETALING JAYA